000 01375cam a2200373 i 4500
001 zz2005871061
003 NUKAT
005 20260418213326.0
008 050824s1900 pl |000 0 pol c
035 _a(OCoLC)749679022
035 _a(NUKAT)zz2005871061
040 _aWA U/JS
_cWA U/JS
_dWA U/JL
_dGD PAN/GSz
100 1 _aTarnowski, Stanisław
_d(1837-1917).
_92670
245 1 0 _aHistorya literatury polskiej.
_nT. 5,
_pWiek XIX. 1831-1850 /
_cSt. Tarnowski.
246 1 3 _aHistoria literatury polskiej
260 _aKraków :
_bDrukarnia "Czasu" pod zarządem Józefa Łakocińskiego,
_c1900.
300 _a[6], 505 s. ;
_c22 cm.
336 _aTekst
_btxt
_2rdacontent
337 _aBez urządzenia pośredniczącego
_bn
_2rdamedia
338 _aWolumin
_bnc
_2rdacarrier
380 _aKsiążki
504 _aBibliogr. s. 486-501.
510 3 _aPB
591 _aWspółoprawne z: Historya literatury polskiej. T. 4 / St. Tarnowski, Kraków 1900.
648 7 _a1801-1900
_2DBN
_936037
650 7 _aLiteratura polska
_2DBN
_934964
650 7 _aLiteratura polska
_y19 w.
_xhistoria i krytyka.
_2kaba
_935506
655 7 _aLiteratura polska
_2DBN
_940273
658 _aHistoria
658 _aLiteraturoznawstwo
710 2 _aDrukarnia "Czasu" (Kraków).
_4prt
_91286
787 _c16217/4
_tHistorya literatury polskiej. T. 4
_wzz2006801448
942 _2ddc
_cBK_NM
999 _c27682
_d27682